000
00287nam a22001337a 4500
008
181017b xxu||||| |||| 00| 0 eng d
020
_a
9780153397400
041
_a
eng
080
_a
370
100
_a
47
101
_a
EDU
245
_a
Trophies Harcourt
_c
Gather.A
942
_2
udc
_c
BK
999
_c
49992
_d
49992